Работоспособность материалов и элементов конструкций при воздействии агрессивных сред: межвузовский научный сборник

Bibliografske podrobnosti
Korporativna značnica: Саратовский политехнический институт (СПИ)
Drugi avtorji: Петров В. В. (редактор)
Jezik:ruščina
Izdano: Саратов, Изд-во СПИ, 1986
Teme:
Format: MixedMaterials Knjiga
KOHA link:https://koha.lib.tpu.ru/cgi-bin/koha/opac-detail.pl?biblionumber=270579

MARC

LEADER 00000nam0a2200000 4500
001 270579
005 20231101234346.0
035 |a (RuTPU)RU\TPU\book\293760 
090 |a 270579 
100 |a 20140930d1986 k y0rusy50 ca 
101 0 |a rus 
102 |a RU 
105 |a a z 001zy 
200 1 |a Работоспособность материалов и элементов конструкций при воздействии агрессивных сред  |e межвузовский научный сборник  |f Саратовский политехнический институт (СПИ) ; под ред. В. В. Петрова 
210 |a Саратов  |c Изд-во СПИ  |d 1986 
215 |a 76 с.  |c ил. 
320 |a Библиогр. в конце ст. 
606 1 |a Строительная механика  |2 stltpush  |3 (RuTPU)RU\TPU\subj\57240  |9 75102 
610 1 |a конструкции 
610 1 |a материалы 
610 1 |a элементы 
610 1 |a работоспособность 
610 1 |a агрессивные среды 
610 1 |a воздействие 
675 |a 624.04  |v 3 
702 1 |a Петров  |b В. В.  |4 340 
712 0 2 |a Саратовский политехнический институт (СПИ)  |c (1960-1992)  |2 stltpush  |3 (RuTPU)RU\TPU\col\283 
801 1 |a RU  |b 63413507  |c 20140930 
801 2 |a RU  |b 63413507  |c 20151211  |g RCR 
942 |c BK